| 000 | 00938nam a2200217 i 4500 | ||
|---|---|---|---|
| 003 | DO-SdUEMH | ||
| 005 | 20260202164726.0 | ||
| 007 | ta | ||
| 008 | 260202b2012 dr a|||gr|||| 00| 0 spa d | ||
| 040 |
_aDO-SdUEMH _bspa _erda |
||
| 041 | _aspa | ||
| 082 | _mRD | ||
| 245 |
_aIX Nacional de Población y Vivienda 2010: _binforme general |
||
| 264 | 1 |
_aSanto Domingo, República Dominicana : _c2012 |
|
| 300 |
_a548 páginas : _bilustraciones ; _c27 cm. |
||
| 336 |
_2rdacontent _atexto _btxt |
||
| 337 |
_2rdamedia _asin mediación _bn |
||
| 338 |
_2rdacarrier _avolumen _bnc |
||
| 505 | 2 | _aGeneralidades -- Dinámica de la población dominicana -- Resultados censales -- Aspectos operacionales y metodológicos -- Instrumentos de recolección de información -- Prueba censal -- Segmentación censal -- Capacitación -- Organización y distribución del material censal -- Empadronamiento -- Procesamiento -- Difusión. | |
| 942 |
_2ddc _cBK _n0 |
||
| 999 |
_c18374 _d18374 |
||